Should Drilling be Permitted in the Arctic National Wildlife Refuge? : (Record no. 611746)

MARC details
000 -LEADER
fixed length control field 00554nam a2200181 a 4500
001 - CONTROL NUMBER
control field 1770804466415
003 - CONTROL NUMBER IDENTIFIER
control field YourLibrary
005 - DATE AND TIME OF LATEST TRANSACTION
control field 20260211154105.0
008 - FIXED-LENGTH DATA ELEMENTS--GENERAL INFORMATION
fixed length control field 260211s2008##################000#0#eng##
020 ## - INTERNATIONAL STANDARD BOOK NUMBER
International Standard Book Number 9780737739305
082 04 - DEWEY DECIMAL CLASSIFICATION NUMBER
Classification number 333.95416
Item number HAU
040 ## - CATALOGING SOURCE
Original cataloging agency YourLibrary
Language of cataloging eng
Transcribing agency YourLibrary
100 1# - MAIN ENTRY--PERSONAL NAME
Personal name Haugen, David M.,
Relator term author.
245 10 - TITLE STATEMENT
Title Should Drilling be Permitted in the Arctic National Wildlife Refuge? :
260 ## - PUBLICATION, DISTRIBUTION, ETC.
Name of publisher, distributor, etc. Greenhaven Publishing,
Date of publication, distribution, etc. 2008.
650 #0 - SUBJECT ADDED ENTRY--TOPICAL TERM
Topical term or geographic name entry element Arctic National Wildlife Refuge (Alaska).
942 ## - ADDED ENTRY ELEMENTS (KOHA)
Koha item type English Books
Holdings
Withdrawn status Lost status Damaged status Not for loan Home library Current library Shelving location Date acquired Total Checkouts Full call number Barcode Date last seen Price effective from Koha item type
        Anna Centenary Library Anna Centenary Library 4TH FLOOR, A WING 11.02.2026   333.95416 HAU 203268 11.02.2026 11.02.2026 English Books

Find us on the map